| 000 | 00442nam a22001697a 4500 | ||
|---|---|---|---|
| 003 | NUST - PNEC | ||
| 005 | 20170116181136.0 | ||
| 008 | 151007b xxu||||| |||| 00| 0 eng d | ||
| 020 | _a- | ||
| 040 | _cLIBRARY | ||
| 082 | _a891.4391 MUN | ||
| 100 |
_914311 _aMunir Niazi |
||
| 245 |
_aKulliyat-e--Munir Niazi _cMunir Niazi |
||
| 260 |
_aLahore: _bMawara Publishers, _c1993 |
||
| 650 |
_914313 _aUrdu Literature _xGeneral |
||
| 942 |
_2ddc _cBK |
||
| 999 |
_c70246 _d70246 |
||